| 000 | 00926nam a22002777a 4500 | ||
|---|---|---|---|
| 005 | 20210818182250.0 | ||
| 008 | 190812s2018 ck gr 001 jdspa d | ||
| 020 | _a9789584698681 | ||
| 040 |
_aCOMFC _bspa _erda |
||
| 041 | _aspa | ||
| 100 | 1 |
_954873 _aSahara, Amara _eaut |
|
| 245 | 1 | 0 |
_aEsencia pura _cAmara Sahara |
| 264 | 0 | 1 |
_aPereira _bKlepsidra Editorial _c2018 |
| 300 |
_a223 páginas _c20 cm |
||
| 336 |
_2rdacontent _atxt |
||
| 337 |
_2rdamedia _an |
||
| 338 |
_2rdacarrier _anc |
||
| 490 |
_954871 _aColección Memorial |
||
| 500 | _aContiene datos biográficos del autor | ||
| 830 |
_954297 _aDepósito Legal - Sala de Patrimonio Bibliográfico y Documental de Risaralda |
||
| 082 | 0 | 4 |
_a111.1 _bS131e Vol. 1 |
| 650 | 0 |
_954874 _aDualidad del Ser |
|
| 650 | 0 |
_951764 _aValores Cristianos |
|
| 650 | 0 |
_922715 _aMensajes |
|
| 942 |
_2ddc _h111.1 S131e Vol. 1 _k111.1 _mS131e Vol. 1 |
||
| 999 |
_c15297 _d15297 |
||